Oxford handbook of acute medicine / (رقم التسجيلة. 26154)

تفاصيل مارك
000 -الفاتح
حقل البيانات ثابتة الطول 02461cam a22004694a 4500
001 - رقم الضبط
رقم الضبط 16135139
003 - محدد رقم الضبط
رقم الضبط OSt
005 - وقت وتاريخ اخر تعامل مع التسجيلة
رقم الضبط 20150408114101.0
008 - عناصر البيانات ثابتة الطول - معلومات عامة
حقل البيانات ثابتة الطول 100310s2010 enkaf f 001 0 eng
010 ## - رقم ضبط مكتبة الكونجرس
رقم ضبط مكتبة الكونجرس 2010010194
015 ## - رقم الببليوجرافية الوطنية
رقم الببليوجرافية الوطنية GBA9B0756
المصدر bnb
016 7# - رقم ضبط الوكاله الوطنية للضبط الببليوجرافي
رقم ضبط التسجيلة 101526182
المصدر DNLM
016 7# - رقم ضبط الوكاله الوطنية للضبط الببليوجرافي
رقم ضبط التسجيلة 015421073
المصدر Uk
020 ## - الرقم الدولى المعيارى للكتب
الرقم الدولى المعيارى للكتاب 9780199230921 (alk. paper)
020 ## - الرقم الدولى المعيارى للكتب
الرقم الدولى المعيارى للكتاب 0199230927 (alk. paper)
035 ## - رقم ضبط النظام
رقم ضبط النظام (OCoLC)ocn467748369
040 ## - مصدر الفهرسة
وكالة الفهرسة الأصلية Ma-Un
042 ## - رمز التحقق
رمز التحقق pcc
050 00 - رقم طلب مكتبة الكونجرس
رقم التصنيف RC86.8
رقم المادة .R35 2010
060 10 - رقم الطلب بالمكتبة الطبية الوطنية
رقم التصنيف WB 39
رقم المادة R177o 2010
082 00 - رقم تصنيف ديوى العشرى
رقم التصنيف 616.025
رقم الطبعة 22
100 1# - المدخل الرئيسى - إسم شخصى
الإسم الشخصى Ramrakha, Punit S.
9 (RLIN) 17657
245 10 - بيان العنوان
العنوان Oxford handbook of acute medicine /
بيان المسئوليه,etc Punit S. Ramrakha, Kevin P. Moore, Amir Sam.
246 13 - العنوان الموازى
عنوان صحيح/عنوان مختصر Handbook of acute medicine
250 ## - بيان الطبعة
بيان الطبعة 3rd ed.
260 ## - PUBLICATION, DISTRIBUTION, ETC. (IMPRINT)
مكان الناشر او الموزع Oxford ;
-- New York :
اسم الناشر او الموزع Oxford University Press,
تاريخ النشر أو التوزيع 2010.
300 ## - الوصف المادى
التعداد xxxvii, 869 p., [4] p. of plates :
تفاصيل ماديه اخرى للوعاء ill. (some col.) ;
أبعاد الوعاء 19 cm.
490 1# - بيان السلسلة
عنوان السلسلة Oxford handbooks
490 1# - بيان السلسلة
عنوان السلسلة Oxford medical publications
500 ## - تبصرة عامة
تبصرة عامة Includes index.
520 ## - التبصرة الخاصة بالتعليق أو التلخيص
ملخص,الخ "The best-selling Oxford Handbook of Acute Medicine is an up-to-date, practical and comprehensive guide to the management of the acutely ill patient.This third edition has been revised throughout to include the most up-to-date guidelines and treatment management plans. A new junior author ensures that the content remains relevant and accessible to all medics approaching acute medicine for the first time. This edition includes a new chapter which focuses on common presentations, and quick reference boxes throughout highlight top priorities in the management of each condition. The section on practical procedures has also been expanded to include core competencies for the Foundation Programme.With brand new figures and clinical tips from the experienced authors, the third edition of the Oxford Handbook of Acute Medicine remains the must-have resource for all those dealing with acute illness"--Provided by publisher.
650 #0 - المدخل الاضافى بالموضوع-مصطلح موضوعى
مصطلح موضوعي أو اسم جغرافي كعنصر مدخل Medical emergencies
التقسيم الفرعي الشكلي Handbooks, manuals, etc.
650 12 - المدخل الاضافى بالموضوع-مصطلح موضوعى
مصطلح موضوعي أو اسم جغرافي كعنصر مدخل Emergencies
التقسيم الفرعي الشكلي Handbooks.
650 22 - المدخل الاضافى بالموضوع-مصطلح موضوعى
مصطلح موضوعي أو اسم جغرافي كعنصر مدخل Critical Care
التقسيم الفرعي العام methods
التقسيم الفرعي الشكلي Handbooks.
9 (RLIN) 17658
650 22 - المدخل الاضافى بالموضوع-مصطلح موضوعى
مصطلح موضوعي أو اسم جغرافي كعنصر مدخل Emergency Medicine
التقسيم الفرعي الشكلي Handbooks.
700 1# - المدخل الاضافى - اسم شخصى
الإسم الشخصى Moore, Kevin P.
9 (RLIN) 17659
700 1# - المدخل الاضافى - اسم شخصى
الإسم الشخصى Sam, Amir H.
9 (RLIN) 17660
830 #0 - المدخل الاضافى بالسلسلة -عنوان موحد
عنوان موحد Oxford handbooks.
830 #0 - المدخل الاضافى بالسلسلة -عنوان موحد
عنوان موحد Oxford medical publications.
9 (RLIN) 17607
942 ## - عناصر المدخل الإضافي( كوها)
مصدر التصنيف او مخطط الترفيف Dewey Decimal Classification
Koha [default] item type كتاب
المقتنيات
حالة الفقد نموذج السعر الفعال حالة تلف ليس للاعارة رقم الطلب رقم النسخة تاريخ الاكتساب الموقع الحالي الباركود الفرع الرئيسي Total Renewals Date last checked out Date last seen نوع المادة فى نظام كوها مصدر التصنيف او خطة الترفيف Total Checkouts
  2013-03-10     616.025 RPO 1 2012-10-23 المكتبة المركزية بالمجمعة (CL) 00450027 المكتبة المركزية بالمجمعة (CL) 1 2014-09-09 2016-10-19 كتاب Dewey Decimal Classification 1
  2013-03-10     616.025 RPO 2 2012-10-23 المكتبة المركزية بالمجمعة (CL) 00450029 المكتبة المركزية بالمجمعة (CL)   2017-02-09 2018-07-12 كتاب Dewey Decimal Classification 6
  2013-03-10     616.025 RPO 3 2012-10-23 المكتبة المركزية بالمجمعة (CL) 00450028 المكتبة المركزية بالمجمعة (CL) 3 2025-04-17 2025-04-17 كتاب Dewey Decimal Classification 5
  2013-11-02     616.025 RPO   2013-11-02 مكتبة كلية العلوم الطبية التطبيقية بالمجمعة - طالبات (AMF) 00403728 مكتبة كلية العلوم الطبية التطبيقية بالمجمعة - طالبات (AMF)     2013-11-02 كتاب Dewey Decimal Classification  
  2013-11-02     616.025 RPO   2013-11-02 مكتبة كلية العلوم الطبية التطبيقية بالمجمعة - طالبات (AMF) 00403729 مكتبة كلية العلوم الطبية التطبيقية بالمجمعة - طالبات (AMF)     2013-11-02 كتاب Dewey Decimal Classification  
  2013-11-02     616.025 RPO   2013-11-02 مكتبة كلية العلوم الطبية التطبيقية بالمجمعة - طالبات (AMF) 00403730 مكتبة كلية العلوم الطبية التطبيقية بالمجمعة - طالبات (AMF)     2013-11-02 كتاب Dewey Decimal Classification  
  2013-11-02     616.025 RPO   2013-11-02 مكتبة مجمع الكليات بالزلفى - طلاب (SZM) 00403731 مكتبة مجمع الكليات بالزلفى - طلاب (SZM)     2013-11-02 كتاب Dewey Decimal Classification  
  2013-11-02     616.025 RPO   2013-11-02 مكتبة مجمع الكليات بالزلفى - طلاب (SZM) 00403732 مكتبة مجمع الكليات بالزلفى - طلاب (SZM)     2013-11-02 كتاب Dewey Decimal Classification